000 01290nam a22003135i 4500
001 162325
003 ES-MaACL
005 20250829114133.0
008 041111s1803 fr ac |||| | fre d
040 _aCAM
_bspa
_cCAM
100 0 _aPlutarco
_992678
245 1 4 _aLes vies des hommes illustres.
_nTome huitième /
_cde Plutarque ; traduites en françois, avec remarques historiques et critiques, par M. Dacier.
250 _aNouv. éd., rev. et corr.
260 _aA Lyon :
_bchez Amable Leroy,
_c1803.
300 _a[4], 448 p., [1] h. de grab. ;
_c17 cm.
505 8 _aContiene, según consta en port.: Sertorius, Eumenes, Agésilas, Pompée
595 _aDato de ed. precede a mención de parte.
597 _aSign.: []2, A-S12, T8.
597 _aAntep.
599 _aLa h. de grab. xil., retrato de Pompeyo.
599 _aIl. xil. en cabecera de primera p. de texto.
600 0 4 _aAgesilao.
_9125549
600 1 7 _aSertorio, Quinto,
_d122 a. C.-72 a. C.
_2embne
_9132683
600 1 4 _aPompeyo Magno, Cneo.
_9149933
600 0 4 _aEumene-
_xBiografías.
_9126985
700 1 _aDacier, André,
_d1651-1722
_9126689
852 _aES-MaACL
_jZ-260
_z-- Enc. pasta española
_z-- Ex-libris ms. de Juan Antonio Posse, cura de San Andrés
999 _c162325
_d162325